Forschungsfelder und Forschungsansätze in der deutschen Phonetik

Aktuálne problémy fonetiky ako disciplíny linguodidaktiky.

Saved in:
Bibliographic Details
Main Author: Adamcová, Lívia
Format: Book Chapter
Language:German
Subjects:
Tags: Add Tag
No Tags, Be the first to tag this record!

MARC

LEADER 00000naa a2200000 4500
001 0198714
005 20240502073346.5
041 0 |a ger 
044 |a SK 
245 1 0 |a Forschungsfelder und Forschungsansätze in der deutschen Phonetik  |c Lívia Adamcová 
520 |a Aktuálne problémy fonetiky ako disciplíny linguodidaktiky. 
610 2 0 |a fonetika 
610 2 0 |a jazykoveda 
610 2 0 |a nemčina 
100 1 |a Adamcová, Lívia